|
|
|
|
| LEADER |
00000nam a22000003a 4500 |
| 001 |
stu43681 |
| 005 |
20150617225717.7 |
| 008 |
941129s1993----cs------------------slo-d |
| 020 |
|
|
|a 80-85323-46-X
|
| 040 |
|
|
|a STU
|b slo
|
| 041 |
0 |
|
|a slo
|
| 044 |
|
|
|a cs
|
| 080 |
|
|
|a 336.271.1
|7 A000002084
|
| 100 |
1 |
|
|a Baštincová, Anna
|4 aut
|
| 245 |
1 |
|
|a Dane podnikateľských subjektov :
|b Aplikácia na praktických príkladoch /
|c [aut.]Anna Baštincová
|
| 250 |
|
|
|a 1.vyd.
|
| 260 |
|
|
|a Bratislava :
|b Elita,
|c 1993
|
| 300 |
|
|
|a 163 s
|
| 650 |
|
7 |
|a dane
|2 stusub
|
| 650 |
|
7 |
|a DPH
|2 stusub
|
| 650 |
|
7 |
|a príklady
|2 stusub
|
| 856 |
4 |
|
|a https://sweb.mtf.stuba.sk/obsahy/dane_podnikatelskych_subjektov_93.pdf
|u https://sweb.mtf.stuba.sk/obsahy/dane_podnikatelskych_subjektov_93.pdf
|3 OBSAH
|
| 996 |
|
|
|b 284M034203
|c M*8836-1
|l MMKN
|s A
|a 24
|w stu43681_0001
|